000 00295nam a22001337a 4500
008 181024b xxu||||| |||| 00| 0 eng d
020 _a9780803955400
041 _aeng
080 _a510
100 _a37
101 _aMAT
245 _aQulitative Data Aanlysis
_cMiles.M.B
942 _2udc
_cBK
999 _c50775
_d50775